00383 2200157 4500001002100000005001500021035002000036245004300056100001600099300002600115260002800141082000800169084001400177020002200191990001200213INLIS00000000000302220250918111222 a0010-09250003691 aAku Memilih Untuk Setia /cLovya Diany0 aLovya Diany a290 hlm ;c14 x 21 cm aJakarta :bZettu,c2014 a813 a813 LOV a a978-602-1298-49-7 a0755614